| 000 | 00586cam a2200205ua 4500 | ||
|---|---|---|---|
| 020 | _cRs 11.25 | ||
| 041 |
_aeng _h |
||
| 082 |
_a338.9 _bFRI/PL |
||
| 100 | _aFrisch, Ragnar. | ||
| 245 |
_aPlanning for India : Selected explorations in methodology / _cRagnar Frisch. _hTextual Documents |
||
| 250 |
_a1 / _b. |
||
| 260 |
_aKolkota : _bStatistical Publishing Society , _c1960. |
||
| 300 | _a86 ; . | ||
| 365 | _aRs 11.25 | ||
| 440 | 0 |
_aIndian Statistical Series, _v8 _x; |
|
| 490 | 0 |
_aIndian Statistical Series, _v8 _x; |
|
| 504 | _a | ||
| 942 | _cBK | ||
| 999 |
_c257 _d257 |
||